Champions League 2015/16 - Statistics

General Stats
  • This quiz has been taken 1,141 times
  • The average score is 18 of 32
Answer Stats
Answer % Correct
Barcelona
97%
Real Madrid
97%
Manchester City
94%
Chelsea
91%
Bayern Munich
90%
Arsenal
88%
Juventus
87%
Manchester United
84%
Paris Saint Germain
83%
Atletico Madrid
82%
Roma
67%
Porto
65%
Sevilla
63%
Benfica
61%
PSV Eindhoven
61%
Lyon
60%
Borussia Monchengladbach
55%
Wolfsburg
50%
Bayer Leverkusen
48%
Valencia
48%
Zenit Saint Petersburg
45%
CSKA Moskva
43%
Dynamo Kyiv
34%
Olympiacos
34%
Galatasaray
33%
Malmö FF
30%
Shakhtar Donetsk
29%
Dinamo Zagreb
26%
Gent
22%
BATE Borisov
20%
Maccabi Tel Aviv
13%
Astana
12%
No matching quizzes found
Score Distribution
Percent of People with Each Score
Percentile by Number Answered
Your Score History
You have not taken this quiz